Meilleurs pays dans tous les types de rugby - Statistiques

Statistiques générales
  • Ce quiz a été pris 101 fois
  • Le résultat moyen est 32 sur 34
Statistiques - réponses
Type de rugby Nombre de titres Réponse % Correct
Jeux Olympiques - rugby à XV (H) 1 France
100%
Jeux Olympiques - rugby à VII (H) 1 France
100%
Coupe du monde de rugby à XIII en fauteuil roulant (H) 2 France
100%
Coupe du monde de rugby à XV (H) 3 Nouvelle-Zélande
99%
Coupe du monde de rugby à XV (F) 6 Nouvelle-Zélande
99%
Coupe du monde de rugby à VII (H) 3 Nouvelle-Zélande
99%
Coupe du monde de rugby à VII (F) 2 Nouvelle-Zélande
99%
Jeux Olympiques - rugby à VII (F) 2 Nouvelle-Zélande
99%
Coupe du monde de rugby à XIII (H) 1 Nouvelle-Zélande
99%
Coupe du monde de rugby à XIII (F) 3 Nouvelle-Zélande
99%
Coupe du monde de rugby à IX (F) 1 Nouvelle-Zélande
99%
Jeux Paralympiques - Rugby-Fauteuil (H & F) 1 Nouvelle-Zélande
99%
Jeux Olympiques - rugby à XV (H) 1 Australasie
99%
Coupe du monde de rugby à XIII (H) 3 Grande-Bretagne
98%
Jeux Paralympiques - Rugby-Fauteuil (H & F) 1 Grande-Bretagne
98%
Coupe du monde de rugby à XV (H) 4 Afrique du Sud
97%
Coupe du monde de rugby à XV (H) 1 Angleterre
97%
Coupe du monde de rugby à XV (F) 3 Angleterre
97%
Coupe du monde de rugby à VII (H) 1 Angleterre
97%
Coupe du monde de rugby à XIII en fauteuil roulant (H) 2 Angleterre
97%
Coupe du monde de rugby à XV (H) 2 Australie
96%
Coupe du monde de rugby à VII (F) 2 Australie
96%
Jeux Olympiques - rugby à VII (F) 1 Australie
96%
Coupe du monde de rugby à XIII (H) 12 Australie
96%
Coupe du monde de rugby à XIII (F) 3 Australie
96%
Coupe du monde de rugby à IX (H) 1 Australie
96%
Jeux Paralympiques - Rugby-Fauteuil (H & F) 2 Australie
96%
Coupe du monde de rugby à VII (H) 3 Fidji
92%
Jeux Olympiques - rugby à VII (H) 2 Fidji
92%
Coupe du monde de rugby à XV (F) 1 États-Unis
71%
Jeux Olympiques - rugby à XV (H) 2 États-Unis
71%
Jeux Paralympiques - Rugby-Fauteuil (H & F) 3 États-Unis
71%
Coupe du monde de rugby à VII (H) 1 Pays de Galles
70%
Jeux Paralympiques - Rugby-Fauteuil (H & F) 1 Japon
57%
Aucun quiz correspondant
Distribution des résultats
% des personnes avec chaque résultat
Percentile par nombre de réponses
Votre historique - résultats
Vous n’avez pas pris ce quiz